Oda eucaristica, que con motivo de las plausibles noticias recibidas hoy, hizo Don Joaquin Carricarte

Detalles Bibliográficos
Autor principal: Carricarte, Joaquín
Formato: Libro
Lenguaje:Spanish
Publicado: en la Puebla : en la imprenta de D. Pedro de la Rosa, 1814.
Materias:
Colección:Banco de datos
Acervo:Biblioteca Palafoxiana. Colección de Pliegos Sueltos
Descripción Física:[2] h. ; 4°
Tema general:Literatura mexicana
LEADER 00554nam a22001690004500
035 |a 1418 
041 0 |a spa 
082 0 4 |a FR/PAFX/IMPS/C055/01571 
100 1 |a Carricarte, Joaquín 
245 1 0 |a Oda eucaristica, que con motivo de las plausibles noticias recibidas hoy, hizo Don Joaquin Carricarte 
260 |a en la Puebla : en la imprenta de D. Pedro de la Rosa, 1814. 
300 |a [2] h. ; 4° 
650 1 0 |a Literatura mexicana 
949 |a I01571 
942 |c PALAPLIE 
943 |g Biblioteca Palafoxiana. Colección de Pliegos Sueltos 
999 |c 1074708  |d 1074708